| 000 | 01263nam a22002417a 4500 | ||
|---|---|---|---|
| 999 |
_c58371 _d58371 |
||
| 003 | Ge_BSU | ||
| 005 | 20211221135235.0 | ||
| 008 | 211221s2021ge xxu||||| |||| 00| 0 geo d | ||
| 020 | _a9789941831560 | ||
| 041 | _ageo | ||
| 080 | _a94(479.223) უ-28 | ||
| 100 |
_aუზუნაძე, რევაზ _92427 |
||
| 245 |
_aერგეს ,,ქვეყნის'' ისტორიული გეოგრაფიის საკითხები / _cრევაზ უზუნაძე ; მერაბ უზუნაძე ; რედ: იური სიხარულიძე ; ტარიელ ებრალიძე. |
||
| 264 |
_aთბილისი : _bივერიონი, _c2021. |
||
| 300 |
_a87 გვ .: _bილ ; _c19 სმ. |
||
| 653 | _aერგეს ,,ქვეყნის'' ისტორიული გეოგრაფიის საკითხები | ||
| 653 | _aისტორია | ||
| 700 |
_aუზუნაძე, მერაბ _913325 |
||
| 700 |
_aსიხარულიძე, იური _eრედაქტორი _91816 |
||
| 700 |
_aებრალიძე, ტარიელ _eრედაქტორი _91482 |
||
| 773 | _tნაჩუქარი | ||
| 942 |
_2udc _cBK |
||